Rabindra Bharati University
WEBOPAC (ONLINE PUBLIC ACCESS CATALOGUE)

Prophets facing backward: (Record no. 123414)

000 -LEADER
fixed length control field 00547nam a22001937a 4500
005 - DATE & TIME
control field 20260217125207.0
008 - FIXED-LENGTH DATA ELEMENTS--GENERAL INFORMATION
fixed length control field 260217b xxu||||| |||| 00| 0 eng d
020 ## - ISBN
International Standard Book Number 81 7824090 4
Price Rs.695.00
040 ## - CATALOGING SOURCE
Original cataloging agency RBU-Library
041 ## - Language
Language English
082 ## - DDC NUMBER
Classification number 320.954
Book Number N176
100 ## - MAIN ENTRY--PERSONAL NAME
Personal name Nanda, Meera
245 ## - TITLE STATEMENT
Title Prophets facing backward:
Sub Title postmodernism, science, and Hindu nationalism
260 ## - PUBLICATION, DISTRIBUTION, ETC. (IMPRINT)
Place of publication, distribution, etc Delhi:
Name of publisher, distributor, etc Permanent Black,
Date of publication, distribution, etc 2004
300 ## - PHYSICAL DESCRIPTION
Pages 308p.
650 ## - Subject
Subject Political science
650 ## - Subject
Subject Nationalism
942 ## - ADDED ENTRY ELEMENTS (KOHA)
Koha item type Departmental Books
100 ## - MAIN ENTRY--PERSONAL NAME
-- 1201
650 ## - Subject
-- 1202
650 ## - Subject
-- 1203
Holdings
Price effective from Location (home branch) Koha date last seen Not for loan Date acquired Source of classification or shelving scheme Koha item type Barcode (Accession No.) Damaged status Lost status Withdrawn status Sublocation or collection (holding branch) Koha full call number
2026-02-17Department of Sociology2026-02-17 2026-02-17 Departmental BooksD4059   Department of Sociology320.954 N176

Customized by - AVIOR TECHNOLOGIES PVT. LTD. , Website : www.aviortechnologies.com , Email : mail@aviortechnologies.com